[Event "Paris op"]
[Site "Paris"]
[Date "1997.??.??"]
[Round "?"]
[White "Alawieh, Amine"]
[Black "Tkachiev, Vladislav"]
[Result "0-1"]
[WhiteElo "2275"]
[BlackElo "2630"]
[PlyCount "69"]
[EventDate "1997.??.??"]
[Source "ChessBase"]
[SourceDate "1998.11.10"]

1. d4 Nf6 2. Nf3 g6 3. g3 Bg7 4. Bg2 O-O 5. O-O d6 6. Re1 Nbd7 7. e4 e5 8. c3
Re8 9. Qc2 b6 10. d5 Rf8 11. a4 a5 12. Na3 Nc5 13. Nb5 Bd7 14. Bg5 h6 15. Bxf6
Bxf6 16. b4 Nb7 17. Qb3 Qc8 18. Rad1 Be8 19. Nd2 h5 20. Nf3 Bd8 21. Qc2 Bd7 22.
Ra1 Kg7 23. Qd2 h4 24. Nxh4 Bxh4 25. gxh4 Rh8 26. f4 Qd8 27. Qf2 Bxb5 28. axb5
Rxh4 29. fxe5 dxe5 30. Rf1 Qe7 31. c4 Rhh8 32. bxa5 Rxa5 33. Rxa5 Nxa5 34. c5
bxc5 35. Qc2 0-1

[Event "Paris op"]
[Site "Paris"]
[Date "1997.??.??"]
[Round "?"]
[White "Appleberry, Martin"]
[Black "Relange, Eloi"]
[Result "0-1"]
[WhiteElo "2240"]
[BlackElo "2480"]
[PlyCount "118"]
[EventDate "1997.??.??"]
[Source "ChessBase"]
[SourceDate "1998.11.10"]

1. Nf3 Nf6 2. g3 g6 3. Bg2 Bg7 4. O-O O-O 5. d4 d6 6. c4 Nbd7 7. Nc3 e5 8. Rb1
Re8 9. b4 a5 10. a3 axb4 11. axb4 c6 12. h3 e4 13. Nd2 d5 14. e3 Nf8 15. b5 h5
16. Qb3 h4 17. bxc6 bxc6 18. Qb6 Qd7 19. cxd5 cxd5 20. Nb3 Ne6 21. Nc5 Nxc5 22.
dxc5 Qf5 23. Nb5 Rf8 24. Nd6 Qg5 25. Nxc8 Raxc8 26. gxh4 Qxh4 27. Bb2 Nh7 28.
Bxg7 Kxg7 29. Qd6 Ng5 30. Qxd5 Nxh3+ 31. Bxh3 Qxh3 32. Qe5+ Kg8 33. Rfc1 Rfe8
34. Qg3 Qh5 35. Kg2 Rxc5 36. Rxc5 Qxc5 37. Rb8 Rxb8 38. Qxb8+ Kh7 39. Qh2+ Qh5
40. Qd6 Qf3+ 41. Kg1 Kh6 42. Qe5 f6 43. Qd5 Qf5 44. Qg8 Qg4+ 45. Kf1 Qh3+ 46.
Ke1 Qh1+ 47. Ke2 Kg5 48. Qd5+ Kh4 49. Qf7 Qf3+ 50. Ke1 g5 51. Qh7+ Kg4 52. Qd7+
f5 53. Qe6 Qh1+ 54. Ke2 Qh7 55. Qd5 Qh5 56. Qe6 Kh3+ 57. Ke1 Qg4 58. Qh6+ Kg2
59. Qg6 Kg1 0-1

[Event "Paris op"]
[Site "Paris"]
[Date "1997.??.??"]
[Round "?"]
[White "Boudre, Jean Pierre"]
[Black "Bouton, Christophe"]
[Result "1-0"]
[WhiteElo "2400"]
[BlackElo "2215"]
[PlyCount "97"]
[EventDate "1997.??.??"]
[Source "ChessBase"]
[SourceDate "1998.11.10"]

1. e4 e5 2. Nf3 Nc6 3. Bb5 a6 4. Ba4 Nf6 5. O-O b5 6. Bb3 Bc5 7. Re1 d6 8. c3
O-O 9. h3 Bb6 10. d4 h6 11. Be3 Rb8 12. Nbd2 Re8 13. Qb1 Bd7 14. a3 Nh5 15. Qd1
Nf4 16. Bxf4 exf4 17. Nf1 Ne7 18. Qd3 c5 19. dxc5 dxc5 20. Ne5 c4 21. Qxd7 cxb3
22. Rad1 Qc7 23. Qxc7 Bxc7 24. Nd7 Ra8 25. Nd2 a5 26. Nxb3 b4 27. axb4 axb4 28.
cxb4 Ra4 29. Rd4 Ng6 30. Nbc5 Ra2 31. Nd3 Re7 32. e5 Ra8 33. Rc1 Bxe5 34. N7xe5
Nxe5 35. Nxf4 Rb7 36. Nd5 Ra4 37. f4 Ng6 38. Kf2 Ne7 39. Nxe7+ Rxe7 40. Rc3 Ra6
41. b5 Rb6 42. Rd8+ Kh7 43. Rd5 Reb7 44. Rcc5 Kg6 45. Ke3 f6 46. Kd3 Kf7 47. f5
Ke7 48. Kc3 Ra7 49. Rc6 1-0

[Event "Paris op"]
[Site "Paris"]
[Date "1997.??.??"]
[Round "?"]
[White "Bricard, Emmanuel"]
[Black "Baury, Ghislain"]
[Result "1-0"]
[WhiteElo "2445"]
[BlackElo "2145"]
[PlyCount "55"]
[EventDate "1997.??.??"]
[Source "ChessBase"]
[SourceDate "1998.11.10"]

1. e4 e6 2. d3 d5 3. Nd2 Nf6 4. Ngf3 Nc6 5. c3 a5 6. Be2 g6 7. b3 Bg7 8. Bb2
O-O 9. O-O b6 10. a3 Ba6 11. b4 dxe4 12. dxe4 Bd3 13. b5 Ne7 14. e5 Ne4 15. Nb3
Bxe2 16. Qxe2 a4 17. Qxe4 axb3 18. Rfd1 Qc8 19. c4 Rd8 20. Nd4 Qd7 21. Qe2 Qe8
22. Nxb3 g5 23. Nd4 h6 24. g3 c5 25. Nc2 Ng6 26. Ne1 Qe7 27. Qe4 Rd7 28. Qxa8+
1-0

[Event "Paris op"]
[Site "Paris"]
[Date "1997.??.??"]
[Round "?"]
[White "Degraeve, Jean Marc"]
[Black "Boudre, Jean Pierre"]
[Result "1/2-1/2"]
[WhiteElo "2515"]
[BlackElo "2400"]
[PlyCount "105"]
[EventDate "1997.??.??"]
[Source "ChessBase"]
[SourceDate "1998.11.10"]

1. e4 e5 2. Nf3 Nc6 3. Bc4 Nf6 4. d3 Be7 5. O-O O-O 6. Bb3 d6 7. c3 Na5 8. Bc2
c5 9. Nbd2 Re8 10. Re1 Bf8 11. Nf1 h6 12. Ng3 Nc6 13. h3 g6 14. Nh2 d5 15. exd5
Nxd5 16. Ng4 Kh7 17. Qf3 Be6 18. Nxe5 Nxe5 19. Rxe5 Bg7 20. Re2 b5 21. Bd2 a5
22. Rae1 a4 23. d4 cxd4 24. cxd4 Qb6 25. Rxe6 Rxe6 26. Qxd5 Rxe1+ 27. Bxe1 Rc8
28. Bc3 b4 29. Qxf7 bxc3 30. bxc3 Qf6 31. Qd7 Rxc3 32. Ne4 Qc6 33. Qxc6 Rxc6
34. Bxa4 Rc1+ 35. Kh2 Bxd4 36. Bb3 Re1 37. Bd5 Kg7 38. Kg3 Kf8 39. Kf3 Ke7 40.
h4 Rh1 41. g3 Re1 42. Kg4 Bb6 43. f4 Rd1 44. Bb3 Rd4 45. Nc3 Kf8 46. h5 gxh5+
47. Kxh5 Kg7 48. Nd5 Bd8 49. Ne3 Rd2 50. Nf5+ Kf6 51. Nh4 Bb6 52. Kxh6 Bf2 53.
Kh5 1/2-1/2

[Event "Paris op"]
[Site "Paris"]
[Date "1997.??.??"]
[Round "?"]
[White "Degraeve, Jean Marc"]
[Black "Neron de Surgy, Gilles"]
[Result "1-0"]
[WhiteElo "2515"]
[BlackElo "2210"]
[PlyCount "83"]
[EventDate "1997.??.??"]
[Source "ChessBase"]
[SourceDate "1998.11.10"]

1. e4 c5 2. Nf3 d6 3. d4 cxd4 4. Nxd4 Nf6 5. Nc3 g6 6. Be3 Bg7 7. f3 O-O 8. Qd2
Nc6 9. O-O-O d5 10. Kb1 e6 11. g4 Nxd4 12. Bxd4 dxe4 13. g5 Nh5 14. Nxe4 b6 15.
Be2 e5 16. Bc3 Qxd2 17. Rxd2 Bh3 18. Bc4 Be6 19. Bb3 a5 20. Rd6 b5 21. Bxe6
fxe6 22. Rxe6 Nf4 23. Nf6+ Bxf6 24. Rxf6 Rfe8 25. Re1 Nd5 26. Rc6 Nxc3+ 27.
Rxc3 Rad8 28. b3 Rd2 29. Rc5 a4 30. Rexe5 Rxe5 31. Rxe5 a3 32. Kc1 Rxh2 33.
Rxb5 Rh1+ 34. Kd2 Ra1 35. Ra5 Rxa2 36. Kc3 Ra1 37. Kb4 a2 38. Ra7 Rg1 39. Rxa2
Rxg5 40. c4 Rf5 41. c5 Rxf3 42. c6 1-0

[Event "Paris op"]
[Site "Paris"]
[Date "1997.??.??"]
[Round "?"]
[White "Fejzovski, Enver"]
[Black "Lupu, Mircea Sergiu"]
[Result "0-1"]
[WhiteElo "2165"]
[BlackElo "2475"]
[PlyCount "78"]
[EventDate "1997.??.??"]
[Source "ChessBase"]
[SourceDate "1998.11.10"]

1. e4 c5 2. Nf3 a6 3. c3 d6 4. d4 Nd7 5. Bd3 g6 6. O-O Bg7 7. Re1 Qc7 8. Bf4 e5
9. dxe5 dxe5 10. Bg3 Ngf6 11. c4 O-O 12. Nc3 Re8 13. Nd2 Nh5 14. Nd5 Qd8 15.
Nf1 Nf8 16. Be2 Nxg3 17. hxg3 Ne6 18. Bg4 Nd4 19. Bxc8 Rxc8 20. Nfe3 Rc6 21.
Rc1 f5 22. Qd3 Rf8 23. f3 f4 24. gxf4 exf4 25. Ng4 h5 26. Nf2 Be5 27. Qd1 Ne6
28. Qb3 Rf7 29. Kf1 Qh4 30. Rcd1 g5 31. Ke2 Nd4+ 32. Rxd4 Bxd4 33. Nd3 Qh2 34.
e5 Qxg2+ 35. Kd1 Qxf3+ 36. Kc1 Re6 37. Nxc5 Qxb3 38. Nxb3 Rxe5 39. Rh1 Be3+ 0-1

[Event "Paris op"]
[Site "Paris"]
[Date "1997.??.??"]
[Round "?"]
[White "Grigore, George"]
[Black "Alexander, Paco"]
[Result "1-0"]
[WhiteElo "2465"]
[BlackElo "2215"]
[PlyCount "62"]
[EventDate "1997.??.??"]
[Source "ChessBase"]
[SourceDate "1998.11.10"]

1. d4 d5 2. c4 e6 3. Nc3 Be7 4. cxd5 exd5 5. Bf4 Nf6 6. e3 c6 7. Bd3 Bd6 8. Bg3
Qe7 9. Qc2 Be6 10. Nf3 Nbd7 11. Bxd6 Qxd6 12. O-O O-O 13. Rfc1 Bg4 14. Nd2 Rfe8
15. Na4 Qe7 16. b4 a6 17. Nc5 Nf8 18. a4 Ng6 19. b5 axb5 20. axb5 Rxa1 21. Rxa1
b6 22. Na4 c5 23. dxc5 Qe5 24. Rb1 bxc5 25. Nxc5 d4 26. exd4 Qxd4 27. b6 Be2
28. Qc4 Qd6 29. Bxe2 Qxd2 30. b7 Ne5 31. Qb5 Nf3+ 1-0

[Event "Paris op"]
[Site "Paris"]
[Date "1997.??.??"]
[Round "?"]
[White "Ikonnikov, Vyacheslav"]
[Black "Nepeina Leconte, Maria"]
[Result "1-0"]
[WhiteElo "2540"]
[BlackElo "2310"]
[PlyCount "63"]
[EventDate "1997.??.??"]
[Source "ChessBase"]
[SourceDate "1998.11.10"]

1. d4 Nf6 2. Nf3 c5 3. d5 d6 4. c4 g6 5. Nc3 Bg7 6. e4 O-O 7. Be2 b5 8. cxb5 a6
9. O-O axb5 10. Bxb5 Ba6 11. Re1 Nfd7 12. Bxa6 Nxa6 13. Bf4 Qb6 14. Rb1 c4 15.
Qe2 Nb4 16. Qxc4 Rfc8 17. Qe2 Bxc3 18. bxc3 Rxa2 19. Bd2 Rxc3 20. Bxc3 Rxe2 21.
Rxe2 Qa6 22. Reb2 Qd3 23. Bxb4 Qxe4 24. Bc3 f6 25. Rb7 Kf7 26. Re1 Qa4 27. Ra1
Qc4 28. Rxd7 Qxc3 29. Re1 g5 30. h3 h5 31. Rexe7+ Kg6 32. g4 1-0

[Event "Paris op"]
[Site "Paris"]
[Date "1997.??.??"]
[Round "?"]
[White "Ikonnikov, Vyacheslav"]
[Black "Trommsdorf, Fro"]
[Result "1-0"]
[WhiteElo "2540"]
[BlackElo "2215"]
[PlyCount "53"]
[EventDate "1997.??.??"]
[Source "ChessBase"]
[SourceDate "1998.11.10"]

1. d4 g6 2. Nf3 Nf6 3. c4 Bg7 4. Nc3 d5 5. cxd5 Nxd5 6. e4 Nxc3 7. bxc3 c5 8.
Be3 O-O 9. Rc1 Qa5 10. Qd2 Nc6 11. d5 Rd8 12. Bd3 Bg4 13. c4 Qa3 14. O-O Bxf3
15. gxf3 Nb4 16. Bb1 Rac8 17. Qe2 Rd6 18. Rcd1 Rb6 19. f4 Bc3 20. e5 Qb2 21.
Qg4 e6 22. dxe6 Rxe6 23. f5 Rec6 24. e6 Nc2 25. exf7+ Kh8 26. Qe4 Nxe3 27. Qe8+
1-0

[Event "Paris op"]
[Site "Paris"]
[Date "1997.??.??"]
[Round "?"]
[White "Lacrosse, Marc"]
[Black "Lazarev, Vladimir"]
[Result "0-1"]
[WhiteElo "2285"]
[BlackElo "2450"]
[PlyCount "58"]
[EventDate "1997.??.??"]
[Source "ChessBase"]
[SourceDate "1998.11.10"]

1. d4 Nf6 2. c4 c5 3. d5 b5 4. cxb5 a6 5. e3 axb5 6. Bxb5 Qa5+ 7. Nc3 Bb7 8.
Nge2 Nxd5 9. O-O Nc7 10. a4 e6 11. e4 Be7 12. Bf4 O-O 13. Qd3 Nxb5 14. Nxb5 Qb4
15. Nec3 d5 16. Bxb8 Raxb8 17. exd5 exd5 18. Nxd5 Bxd5 19. Qxd5 Qxb2 20. Rfb1
Qf6 21. Qc4 Rfd8 22. Rd1 Rd2 23. Qf1 Rbd8 24. Rxd2 Rxd2 25. Qe1 Re2 26. Qf1
Rxf2 27. Qe1 Qb2 28. Rb1 Rxg2+ 29. Kf1 Qd2 0-1

[Event "Paris op"]
[Site "Paris"]
[Date "1997.??.??"]
[Round "?"]
[White "Lamoureux, Serge"]
[Black "Moingt, Jean Claude"]
[Result "1/2-1/2"]
[WhiteElo "2165"]
[BlackElo "2315"]
[PlyCount "132"]
[EventDate "1997.??.??"]
[Source "ChessBase"]
[SourceDate "1998.11.10"]

1. e4 c5 2. Nf3 d6 3. d4 cxd4 4. Nxd4 Nf6 5. Nc3 g6 6. Be3 Bg7 7. f3 O-O 8. Qd2
Nc6 9. O-O-O Nxd4 10. Bxd4 Be6 11. h4 Qa5 12. a3 Rfc8 13. g4 Rab8 14. Nd5 Qxd2+
15. Rxd2 Nxd5 16. exd5 Bxd5 17. Bxg7 Bxf3 18. Rh3 Bxg4 19. Rg3 Kxg7 20. Rxg4
Rc5 21. Bg2 f5 22. Rg3 Kf6 23. Re3 Re5 24. Rxe5 Kxe5 25. Re2+ Kf6 26. Bd5 e5
27. Re3 e4 28. Rc3 Ke5 29. Bf7 d5 30. Rc5 Kd6 31. Ra5 a6 32. h5 Rf8 33. hxg6
hxg6 34. Bxg6 Rf6 35. Bh7 f4 36. c4 f3 37. Rxd5+ Kc7 38. Bxe4 f2 39. Bd3 f1=Q+
40. Bxf1 Rxf1+ 41. Kc2 Rf3 42. Rd3 Rf4 43. Kc3 Kc6 44. Rh3 Rf6 45. Kb4 b6 46.
Rh5 Rg6 47. b3 Rf6 48. Ka4 a5 49. b4 axb4 50. axb4 Rg6 51. Rh7 Rg1 52. Rh6+ Kb7
53. Kb5 Rg5+ 54. c5 bxc5 55. Rh7+ Kc8 56. Kc6 Rg6+ 57. Kxc5 Rg8 58. b5 Kb8 59.
Kb6 Rg6+ 60. Ka5 Rg8 61. Ka6 Rg6+ 62. b6 Rg8 63. Rb7+ Ka8 64. Rc7 Kb8 65. Rb7+
Ka8 66. Rd7 Kb8 1/2-1/2

[Event "Paris op"]
[Site "Paris"]
[Date "1997.??.??"]
[Round "?"]
[White "Leski, Marc"]
[Black "Cairou, Yannick"]
[Result "1-0"]
[WhiteElo "2425"]
[BlackElo "2190"]
[PlyCount "151"]
[EventDate "1997.??.??"]
[Source "ChessBase"]
[SourceDate "1998.11.10"]

1. Nf3 f5 2. e4 fxe4 3. Ng5 Nf6 4. d3 e5 5. dxe4 Bb4+ 6. c3 Bc5 7. Bc4 Rf8 8.
Nxh7 Bxf2+ 9. Kxf2 Nxh7+ 10. Kg1 Qf6 11. Be3 Qg6 12. Nd2 d6 13. h3 Nc6 14. Kh2
Nf6 15. Be2 Rh8 16. Qe1 Be6 17. Qg3 Qxg3+ 18. Kxg3 O-O-O 19. Bg5 Rdf8 20. Rhf1
Ne7 21. Rf2 Kd7 22. Raf1 Nh7 23. Be3 Ra8 24. a4 Nf6 25. Bb5+ Kd8 26. Bg5 Nh7
27. Be3 a6 28. Be2 Kd7 29. Rf3 Nf6 30. Kf2 Rhf8 31. g4 Ng6 32. Kg3 Rf7 33. R3f2
Raf8 34. g5 Nh7 35. Rxf7+ Rxf7 36. Rxf7+ Bxf7 37. h4 Nhf8 38. h5 Ne7 39. g6 Bg8
40. Bg4+ Be6 41. Be2 Ng8 42. Bg5 Ke8 43. Nc4 Bd7 44. Bd1 Ne6 45. Be3 Nf6 46.
Nd2 Bc6 47. Kh4 Nxe4 48. Bb3 Ke7 49. h6 gxh6 50. Nxe4 Bxe4 51. Kh5 Ng7+ 52.
Kxh6 Nf5+ 53. Kg5 Ng7 54. Bf2 d5 55. Bc5+ Ke6 56. Bf8 Nf5 57. Bd1 Nd6 58. Bg4+
Bf5 59. Bxf5+ Nxf5 60. g7 Nxg7 61. Bxg7 c5 62. Bf8 b6 63. a5 bxa5 64. Bxc5 a4
65. Kg4 Kd7 66. Kf5 Kc6 67. Bf8 e4 68. Kf4 Kb5 69. Ke3 Kc4 70. Kd2 Kb3 71. Ba3
Ka2 72. Kc2 Ka1 73. Bc5 Ka2 74. Bd4 Ka1 75. c4 dxc4 76. b3+ 1-0

[Event "Paris op"]
[Site "Paris"]
[Date "1997.??.??"]
[Round "?"]
[White "Leski, Marc"]
[Black "Shchekachev, Andrei"]
[Result "1/2-1/2"]
[WhiteElo "2425"]
[BlackElo "2520"]
[PlyCount "35"]
[EventDate "1997.??.??"]
[Source "ChessBase"]
[SourceDate "1998.11.10"]

1. Nf3 c5 2. g3 Nc6 3. Bg2 e5 4. O-O d5 5. d3 Be7 6. e4 d4 7. Nbd2 h5 8. Nc4
Bf6 9. a4 h4 10. c3 g5 11. cxd4 cxd4 12. b4 g4 13. Ne1 Nxb4 14. Ba3 a5 15. Nc2
Be6 16. Nxb4 axb4 17. Bxb4 Bxc4 18. dxc4 1/2-1/2

[Event "Paris op"]
[Site "Paris"]
[Date "1997.??.??"]
[Round "?"]
[White "Lupu, Mircea Sergiu"]
[Black "Bakus, Michel"]
[Result "1-0"]
[WhiteElo "2475"]
[BlackElo "2200"]
[PlyCount "75"]
[EventDate "1997.??.??"]
[Source "ChessBase"]
[SourceDate "1998.11.10"]

1. d4 d5 2. Nf3 e6 3. Bg5 Be7 4. Bxe7 Nxe7 5. e3 c5 6. c3 Qb6 7. Qc2 Nbc6 8.
Bd3 Bd7 9. O-O Rc8 10. a3 a5 11. Nbd2 h6 12. Rab1 O-O 13. Rfe1 f6 14. dxc5 Qxc5
15. c4 Ne5 16. Nxe5 fxe5 17. b4 axb4 18. axb4 Qd6 19. c5 Qc7 20. e4 Nc6 21. Qc3
Be8 22. Nb3 Rf4 23. Rbc1 Qf7 24. b5 d4 25. Qc4 Ne7 26. Rc2 Bd7 27. Na5 Rf8 28.
Nxb7 Rxf2 29. Nd6 Qf4 30. c6 Bc8 31. Qa2 Rxc2 32. Qxc2 Rd8 33. Nc4 Ng6 34. b6
Ba6 35. c7 Rf8 36. Rf1 Qg5 37. Rxf8+ Kxf8 38. Nd6 1-0

[Event "Paris op"]
[Site "Paris"]
[Date "1997.??.??"]
[Round "?"]
[White "Nemety, Laslo"]
[Black "Tkachiev, Vladislav"]
[Result "0-1"]
[WhiteElo "2170"]
[BlackElo "2630"]
[PlyCount "44"]
[EventDate "1997.??.??"]
[Source "ChessBase"]
[SourceDate "1998.11.10"]

1. a3 e5 2. d4 exd4 3. Qxd4 Nc6 4. Qa4 g6 5. g3 Bg7 6. Bg2 Nd4 7. c3 Ne6 8. e4
Nc5 9. Qc4 b6 10. b4 Ba6 11. b5 Bb7 12. Nh3 a6 13. O-O axb5 14. Qa2 Ne7 15. Be3
O-O 16. Bxc5 bxc5 17. Rd1 b4 18. Qc4 d6 19. Ra2 bxc3 20. Nxc3 Ba6 21. Qb3 Nc6
22. Ne2 Bxe2 0-1

[Event "Paris op"]
[Site "Paris"]
[Date "1997.??.??"]
[Round "?"]
[White "Relange, Eloi"]
[Black "Elfert, Aleksandr V"]
[Result "1-0"]
[WhiteElo "2480"]
[BlackElo "2165"]
[PlyCount "78"]
[EventDate "1997.??.??"]
[Source "ChessBase"]
[SourceDate "1998.11.10"]

1. d4 e6 2. Nf3 c5 3. g3 b6 4. d5 exd5 5. Qxd5 Nc6 6. Ne5 Qf6 7. Nxc6 dxc6 8.
Qe4+ Ne7 9. Bg2 Bf5 10. Qa4 b5 11. Qa6 Bc8 12. Qa5 Nd5 13. Bxd5 cxd5 14. Nc3 d4
15. Nxb5 Qc6 16. f3 Rb8 17. Nxd4 Qb7 18. Nb3 Be7 19. Nxc5 Qd5 20. Qa4+ Kf8 21.
Nd3 Bd7 22. Qxa7 Re8 23. Be3 Kg8 24. Rd1 Qc6 25. Ne5 Bb4+ 26. c3 Bxc3+ 27. bxc3
Qxc3+ 28. Kf2 Qxe5 29. Rxd7 h5 30. Qd4 Qe6 31. Rd8 h4 32. Rxe8+ Qxe8 33. gxh4
Qe7 34. Rd1 Rxh4 35. Qd8+ Qxd8 36. Rxd8+ Kh7 37. Ra8 Rxh2+ 38. Kf1 Rh1+ 39. Bg1
Rh5 1-0

[Event "Paris op"]
[Site "Paris"]
[Date "1997.??.??"]
[Round "?"]
[White "Roeder, Mathias"]
[Black "L'Henoret, Thierry"]
[Result "1-0"]
[WhiteElo "2460"]
[BlackElo "2185"]
[PlyCount "49"]
[EventDate "1997.??.??"]
[Source "ChessBase"]
[SourceDate "1998.11.10"]

1. d4 Nf6 2. c4 e5 3. dxe5 Ng4 4. Bf4 Nc6 5. Nf3 Bb4+ 6. Nbd2 f6 7. exf6 Qxf6
8. e3 Qxb2 9. Be2 O-O 10. O-O d6 11. Nb3 Qf6 12. c5 Nge5 13. cxd6 Bxd6 14. Bg3
Bg4 15. Nxe5 Bxe2 16. Qxe2 Bxe5 17. Rac1 Bxg3 18. hxg3 Qg5 19. Nc5 Nd8 20. Rfd1
Qg6 21. Nd7 Rf5 22. g4 Ra5 23. Rxc7 Qe6 24. Qd2 Nc6 25. Rxc6 1-0

[Event "Paris op"]
[Site "Paris"]
[Date "1997.??.??"]
[Round "?"]
[White "Romieux, Sebastien"]
[Black "Ikonnikov, Vyacheslav"]
[Result "0-1"]
[WhiteElo "2170"]
[BlackElo "2540"]
[PlyCount "68"]
[EventDate "1997.??.??"]
[Source "ChessBase"]
[SourceDate "1998.11.10"]

1. e4 c5 2. Nf3 Nc6 3. d4 cxd4 4. Nxd4 e5 5. Nb5 d6 6. N1c3 a6 7. Na3 b5 8. Nd5
Nce7 9. c4 Nxd5 10. exd5 bxc4 11. Nxc4 Nf6 12. Be3 Rb8 13. Rc1 Bd7 14. a4 Ng4
15. Be2 Nxe3 16. fxe3 Qf6 17. a5 Be7 18. Qd2 Bd8 19. Bf3 O-O 20. O-O Qh6 21.
Rf2 Bb5 22. Na3 Bg5 23. Rc3 f5 24. g3 f4 25. exf4 exf4 26. g4 Bh4 27. Rg2 Rfe8
28. g5 Bxg5 29. Nxb5 Rxb5 30. Rc6 Rxb2 31. Qxb2 Re1+ 32. Kf2 Qh4+ 33. Rg3 fxg3+
34. Kxe1 g2+ 0-1

[Event "Paris op"]
[Site "Paris"]
[Date "1997.??.??"]
[Round "?"]
[White "Shchekachev, Andrei"]
[Black "Moracchini, Fabrice"]
[Result "1-0"]
[WhiteElo "2520"]
[BlackElo "2275"]
[PlyCount "91"]
[EventDate "1997.??.??"]
[Source "ChessBase"]
[SourceDate "1998.11.10"]

1. e4 e6 2. d3 c5 3. Nf3 Nc6 4. g3 g6 5. Bg5 Qc7 6. Bg2 Bg7 7. c3 Nge7 8. O-O
h6 9. Be3 d6 10. Qd2 b6 11. d4 Ba6 12. Re1 Na5 13. Na3 Rc8 14. Rac1 Nc4 15.
Nxc4 Bxc4 16. b3 Bb5 17. h4 Kf8 18. c4 Bd7 19. Bf4 cxd4 20. Nxd4 Rd8 21. Ne2
Bc6 22. Red1 e5 23. Be3 Rd7 24. Qb4 Kg8 25. Nc3 Nc8 26. Bh3 Rd8 27. Nd5 Qb7 28.
Bxc8 Rxc8 29. Qxd6 Re8 30. b4 Re6 31. Qc7 Bxd5 32. cxd5 Re7 33. Qxb7 Rxb7 34.
Rc8+ Kh7 35. Rxh8+ Kxh8 36. Rc1 Kh7 37. Rc8 Bf6 38. b5 Be7 39. Rc6 Rd7 40. h5
Bd6 41. hxg6+ Kxg6 42. f4 Kh5 43. f5 Kg4 44. Kg2 Rd8 45. Bxh6 Kh5 46. Be3 1-0

[Event "Paris op"]
[Site "Paris"]
[Date "1997.??.??"]
[Round "?"]
[White "Tkachiev, Vladislav"]
[Black "Leski, Marc"]
[Result "1/2-1/2"]
[WhiteElo "2630"]
[BlackElo "2425"]
[PlyCount "28"]
[EventDate "1997.??.??"]
[Source "ChessBase"]
[SourceDate "1998.11.10"]

1. e4 d6 2. d4 Nf6 3. Nc3 g6 4. Be3 c6 5. h3 Bg7 6. f4 O-O 7. Nf3 Nbd7 8. e5
Nd5 9. Nxd5 cxd5 10. Bd3 Qb6 11. Qc1 dxe5 12. fxe5 f6 13. exf6 Nxf6 14. O-O Bf5
1/2-1/2

[Event "Paris op"]
[Site "Paris"]
[Date "1997.??.??"]
[Round "?"]
[White "Touzane, Olivier"]
[Black "Roumegous, Etienne"]
[Result "1-0"]
[WhiteElo "2355"]
[BlackElo "2130"]
[PlyCount "37"]
[EventDate "1997.??.??"]
[Source "ChessBase"]
[SourceDate "1998.11.10"]

1. d4 d5 2. c4 c6 3. Nc3 e6 4. e4 dxe4 5. Nxe4 Bb4+ 6. Bd2 Qxd4 7. Bxb4 Qxe4+
8. Be2 Na6 9. Ba5 Bd7 10. Nf3 Nf6 11. Qd6 c5 12. Rd1 Qc6 13. Qg3 Kf8 14. Ne5
Qc8 15. O-O Bc6 16. Rd8+ Qxd8 17. Bxd8 Rxd8 18. Nxc6 bxc6 19. Qc3 1-0